| 000 | 01078nas a2200313 4500 | ||
|---|---|---|---|
| 001 | BR2013002749 | ||
| 003 | BR-BrBNA | ||
| 005 | 20231205122146.0 | ||
| 007 | ta | ||
| 008 | 230509b bl.|||p| |||| 00| 00por d | ||
| 040 |
_aBR-BrBNA _bpor _cBiblioteca Nacional de Agricultura |
||
| 041 | _a(Pt) | ||
| 072 | _aF06 | ||
| 100 | 1 | _aSousa, A.B.O. de | |
| 100 | 1 | _aBezerra, M.A. | |
| 100 | 1 | _aFarias, F.C. | |
| 245 | 1 | _aDesenvolvimento inicial do clone BRS 275 de cajueiro sob irrigação com diferentes níveis salinos | |
| 246 | 1 | _aDevelopment of young cashew "clone BRS 275" under irrigation with different saline levels | |
| 650 | _aCAJU | ||
| 650 | _aIRRIGAÇÃO | ||
| 650 | _aÁGUA | ||
| 650 | _aQUALIDADE | ||
| 650 | _aSALINIDADE | ||
| 650 | _aÁGUA SALGADA | ||
| 773 | 0 |
_tRevista Brasileira de Agricultura Irrigada (Brazil) _xISSN 1982-7679 _g(2010), v. 4(3) p. 166-171 _wBR2013002749 |
|
| 856 | 4 | 0 | _uhttp://www.inovagri.com.br/wp-content/uploads/2010/08/v.4-n.3-p.166-171_Sousa_et_al.pdf |
| 909 |
_a202311 _bLúcia _c55 _dLúcia Elande |
||
| 942 |
_2AGRIS _n0 _cANA |
||
| 999 |
_c227209 _d227209 |
||